Biggest Cities in Indonesia - Statistics

General Stats
  • This quiz has been taken 151 times
  • The average score is 8 of 10
Answer Stats
Population Island City % Correct
30,214,303 Java Jakarta
100%
6,965,655 Java Bandung
92%
7,302,283 Java Surabaya
92%
4,103,696 Sumatra Medan
85%
1,976,168 Sulawesi Makassar
76%
3,183,516 Java Semarang
76%
1,708,413 Sumatra Palembang
72%
1,167,101 Sumatra Bandar Lampung
61%
1,093,416 Sumatra Pekanbaru
52%
2,795,209 Java Malang
49%
No matching quizzes found
Score Distribution
Percent of People with Each Score
Percentile by Number Answered
Your Score History
You have not taken this quiz